| 000 | 00950cam a2200301 a 4500 | ||
|---|---|---|---|
| 001 | 000013862 | ||
| 003 | DO-SdBNP | ||
| 005 | 20251028122327.0 | ||
| 008 | 020110s1972 ve 000 0 spa d | ||
| 035 | _a(OCoLC)ocm01224128 | ||
| 040 |
_aDO-SdBNP _cOSU _dEL _dDLC _dBNPHU |
||
| 042 | _alccopycat | ||
| 043 | _as-ve--- | ||
| 049 | _aBNGR | ||
| 082 |
_a332.6730987 _bM473i, 1972 |
||
| 100 | 1 |
_aMayobre, José Antonio, _b1913-1980 _931395 |
|
| 245 | 1 | 4 |
_aLas inversiones extranjeras en Venezuela : _bestudio / _cJosé Antonio Amyobre. |
| 250 | _a2a ed. | ||
| 260 |
_aCaracas : _bMonte Áila, _c1972. |
||
| 300 |
_a103 p. ; _c23 cm. |
||
| 490 | 1 | _aTemas venezolanos | |
| 504 | _aIncluye referencias bibliográficas. | ||
| 650 | 4 |
_aInversiones extranjeras _zVenezuela _931396 |
|
| 651 | 7 |
_aVenezuela _xRelaciones exteriores _2LEMB _926230 |
|
| 830 | 0 |
_aTemas venezolanos ; _96823 |
|
| 910 | _aCatalogación por copia / LC | ||
| 942 |
_2ddc _cLBS1 |
||
| 999 |
_c13470 _d13470 |
||